000 00584nam a22001937a 4500
005 20251108173520.0
008 250721s2007 xx 000 0 ara d
082 1 4 _a658.409/ حري
100 1 _aحريز، سامي " محمد هشام "
245 1 0 _aالمهارة في مواجهة التحديات /
264 1 _aعمان :
_bدار البداية ناشرون و موزعون،
_c2007.
300 _a155ص.
650 1 7 _aالإدارة
650 1 7 _aالقيادة
650 1 7 _aالمهارات
653 _aالتحديات
942 _2ddc
_cBK
999 _c105736
_d105736